Statistics for Random Picture Quiz

Click here to take the quiz!

General Stats

  • This quiz has been taken 25 times
  • The average score is 3 of 8

Answer Stats

Answer% Correct
Nike
100%
Marbles
50%
Penne
42%
Arctic Fox
33%
California
13%
North Dakota
13%
Dolphin
4%
FUT 20
4%

Score Distribution

Percentile by Number Answered

Percent of People with Each Score

Your Score History

You have not taken this quiz